00447nam a22001577a 450000500170000000800410001702000150005804100130007308200140008610000130010024500470011325000180016026000560017830000290023465000260026320231115143857.0231115b |||||||| |||| 00| 0 eng d a0409013285 aEnglish  a344.1 BAS lEnglish  aBasic Conditions of Employment Act 75/1997 aFifth Edition aDurban : bButterworth Publishers (Pty) Ltd, c2004 bvi, 52 pages ; c25 cm.  aLegal practice bLaw